| 000 | 01162cad a22002055a 4500 | ||
|---|---|---|---|
| 001 | L153304 | ||
| 008 | 110707s20110706xxk f 000 0 eng d | ||
| 035 | _a(Sirsi) u153304 | ||
| 041 | 0 | _aeng | |
| 050 | 0 | 4 | _a333.33 $2 18 |
| 110 | 2 |
_aLloyds Banking Group _95822 |
|
| 245 | 0 | 0 |
_aHalifax house price index _bJune 2011 |
| 260 |
_aLondon _bLloydsbankinggroup _c2011 |
||
| 520 | _aUnited Kingdom house prices increased by 1.2% in May 2011 but prices in the three months to June were 0.5% lower than in the previous three months. Low interest rates, an increase in the number of people in employment and some tightening in market conditions earlier in the year are likely to have been the main factors behind the recent improvement in price trends. Low earnings growth, higher taxes and relatively high inflation are all continuing to put pressure on household finances." | ||
| 590 | _aKA | ||
| 651 | 4 |
_aUnited Kingdom _y |
|
| 690 | _aPROPERTY-RESIDENTIAL PROPERTY-RESIDENTIAL PROPERTY MARKET | ||
| 856 | 4 | 0 |
_uhttps://www.lloydsbankinggroup.com/media/pdfs/2011/HousePriceIndexJune2011.pdf _zView this item free of charge at www.lloydsbankinggroup.com |
| 942 | _n0 | ||
| 999 |
_c112458 _d112458 |
||